A costly lesson (Record no. 80230)

MARC details
000 -LEADER
fixed length control field 00856cab a22001935a 4500
001 - CONTROL NUMBER
control field L143581
008 - FIXED-LENGTH DATA ELEMENTS--GENERAL INFORMATION
fixed length control field 080507e20080516xxkd f 000 0 eng d
035 ## - SYSTEM CONTROL NUMBER
System control number (Sirsi) u143581
041 0# - LANGUAGE CODE
Language code of text/sound track or separate title eng
100 1# - MAIN ENTRY--PERSONAL NAME
Personal name Morrison, Doug
245 02 - TITLE STATEMENT
Title A costly lesson
Remainder of title market watch 2008 part four
260 ## - PUBLICATION, DISTRIBUTION, ETC.
Date of publication, distribution, etc. 2008
490 #0 - SERIES STATEMENT
Series statement Property Week
Volume/sequential designation 73(20), 16 May 2008, 54-55(2)
520 ## - SUMMARY, ETC.
Summary, etc. Reports on the demise of Inside Track, offshoot of Instant Access Properties, the UK's largest property investment club and the circumstances surrounding it. Finds that there are lessons for the buy-to-let market. Suggests that government needs to look more closely at property investment clubs and that there is a need for better regulation.
590 ## - LOCAL NOTE (RLIN)
Local note KA
651 #4 - SUBJECT ADDED ENTRY--GEOGRAPHIC NAME
Geographic name United Kingdom
Chronological subdivision
690 ## - LOCAL SUBJECT ADDED ENTRY--TOPICAL TERM (OCLC, RLIN)
Topical term or geographic name as entry element PROPERTY-COMMERCIAL PROPERTY-COMMERCIAL PROPERTY MARKET
942 ## - ADDED ENTRY ELEMENTS (KOHA)
Suppress in OPAC 0
Holdings
Withdrawn status Lost status Source of classification or shelving scheme Damaged status Not for loan Home library Current library Shelving location Date acquired Total Checkouts Full call number Barcode Date last seen Copy number Price effective from Koha item type
    Dewey Decimal Classification     London London Journal article 20/05/2008   L143581 143581-1001 06/08/2019 1 06/08/2019 Journal article